Pociągi w Polsce nazwane po jeziorach - Statystyki

Ogólne statystyki
  • Ten quiz został rozwiązany 72 razy
  • Średni wynik to 4 z 9
Statystyki odpowiedzi
Rodzaj pociągu Nazwa pociągu % Poprawnych
IC Mamry
89%
IC Hańcza
61%
IC Jeziorak
59%
IC Niegocin
44%
EIC Morskie Oko
42%
TLK Gardno
33%
IC Ukiel
25%
TLK Sarbsko
16%
IC Lednica
5%
Nie znaleziono quizów pasujących do podanych kryteriów
Rozkład punktacji
Procent ludzi z każdym wynikiem
Percentyl według liczby udzielonych odpowiedzi
Twoja historia wyników
Nie rozwiązałeś tego quizu